zpět

Detail výsledku týmu

Kamenec, Jilešovice

Datum a čas kvízu

19 Celkem bodů Celkový počet nahraných bodů na tomto kvízu bez doplňovacích otázek.
9. Pořadí na kvízu Konečné umístění týmu na tomto kvízu.

Zaznamenané odpovědi

# Otázka Odpověď Body Výsledky
1. Pouhé modlení už nestačí. Býva... Koláček 1
2. Saúdská Arábie jmenovala svoji... Spojené státy americké 1
3. Svět módy přišel v úterý o svo... C 1
4. Jak se nazývá země, jejíž auto... Izrael 0
5. Kouč Crystal Palace se stal mi... Roy Hodgson 0
6. Cestovatel Miroslav Zikmund os... Tatra 87 1
7. Na začátku své výpravy, dne 8.... Casablanca, Maroko 0.5
8. Dne 28. ledna 1948 vztyčili ce... C 0
9. V prvním červencovém týdnu se... Copacabana 1
10. V Kongu zažili Zikmund s Hanze... zrození sopky (Vovokvabiti) 0